| Tag |
First Indicator |
Second Indicator |
Subfields |
| LEADER |
00000cam a2200000 a 4500 |
| 001 |
in00001330021 |
| 005 |
20151005075145.0 |
| 008 |
960408s1996 ilua b 101 0 eng c |
| 010 |
|
|
|a 96018024
|
| 020 |
|
|
|a 1882360028 (alk. paper)
|
| 020 |
|
|
|a 188236032X (pbk. : alk. paper)
|
| 035 |
|
|
|a (OCoLC)34584036
|
| 035 |
|
|
|9 AHD1134AM
|
| 040 |
|
|
|a DNLM/DLC
|c DLC
|d NLM
|d UtOrBLW
|
| 049 |
|
|
|a TXAM
|
| 050 |
0 |
0 |
|a R857.P6
|b S94 1995
|
| 060 |
1 |
0 |
|a W1
|b FR945TM v.3 1996
|
| 060 |
1 |
0 |
|a QD 381.8
|b B615 1996
|
| 069 |
0 |
|
|a 9605723
|
| 082 |
0 |
0 |
|a 610/.28
|2 20
|
| 111 |
2 |
|
|a Symposium on Biomedical Functions and Biotechnology of Natural and Artificial Polymers
|d (1995 :
|c Honolulu, Hawaii)
|
| 245 |
1 |
0 |
|a Biomedical functions and biotechnology of natural and artificial polymers :
|b self-assemblies, hybrid complexes, and biological conjugates of glycans, liposomes, polyethylene glycols, polyisopropylacrylamides, and polypeptides /
|c edited by Manssur Yalpani.
|
| 246 |
1 |
8 |
|a Biomedical functions & biotechnology of natural and artificial polymers
|
| 264 |
|
1 |
|a Mount Prospect, IL :
|b ATL Press,
|c [1996]
|
| 264 |
|
4 |
|c ©1996
|
| 300 |
|
|
|a vi, 283 pages :
|b illustrations ;
|c 24 cm.
|
| 336 |
|
|
|a text
|b txt
|2 rdacontent
|
| 337 |
|
|
|a unmediated
|b n
|2 rdamedia
|
| 338 |
|
|
|a volume
|b nc
|2 rdacarrier
|
| 490 |
1 |
|
|a Frontiers in biomedicine and biotechnology,
|x 1067-1897 ;
|v vol. 3
|
| 500 |
|
|
|a "Proceedings of the Symposium on Biomedical Functions and Biotechnology of Natural and Artificial Polymers at the 1995 International Chemical Congress of Pacific Basin Societies, Honolulu, Hawaii, USA, December 17-22, 1995."
|
| 504 |
|
|
|a Includes bibliographical references and index.
|
| 650 |
|
0 |
|a Polymers in medicine
|v Congresses.
|
| 650 |
|
0 |
|a Polymers
|x Biotechnology
|v Congresses.
|
| 650 |
|
0 |
|a Biopolymers
|x Biotechnology
|v Congresses.
|
| 650 |
1 |
2 |
|a Polymers
|x congresses.
|
| 650 |
2 |
2 |
|a Biotechnology
|x congresses.
|
| 650 |
2 |
2 |
|a Biochemistry
|x congresses.
|
| 700 |
1 |
|
|a Yalpani, Mansur,
|d 1950-
|
| 711 |
2 |
|
|a International Chemical Congress of Pacific Basin Societies
|d (1995 :
|c Honolulu, Hawaii)
|
| 830 |
|
0 |
|a Frontiers in biomedicine and biotechnology.
|x 1067-1897 ;
|v vol. 3.
|
| 999 |
|
|
|a MARS
|
| 999 |
f |
f |
|s d2f7a55a-3968-3a40-9aae-d859251a6ad9
|i a9c8d81f-177e-304a-a0ec-bbe38e5b479b
|t 0
|
| 952 |
f |
f |
|p ric
|a Texas A&M University
|b Rellis Campus
|c Joint Library Facility
|d Remote Storage
|t 0
|e R857.P6 S94 1995
|h Library of Congress classification
|i unmediated -- volume
|m A14820554351
|
| 998 |
f |
f |
|a R857.P6 S94 1995
|t 0
|l Remote Storage
|